000 02100nam2a2200337 4500
001 RU\NLR\BIBL_A\012461875
005 20250624041529.0
021 _aRU
_b2020-59718
_9КН-П-4460
035 _a(RuMoRGB)010437314
035 _a(NLR Aleph) 012461875
090 _a12029688
_c12029688
100 _a20210226d2020 |||y0rusy50 ca
101 0 _arus
_aeng
102 _aRU
105 _aac||z|||100zy
200 1 _aПраво договоров
_dLaw of treaties
_e[лекции 2018 года]
_fМарсело Коэн
_zeng
210 _d2020
_aБ. м.
215 _a83 с.
_cил., портр.
300 _aАвт. также англ.: Marcelo G. Kohen
300 _aНа с. 7 авт.: проф. Марсело Коэн
320 _aБиблиогр. в подстроч. примеч.
461 0 _1001RU\NLR\BIBL_A\012451676
_12001#$aЛекции Летней школы по международному публичному праву$dCourses of the summer school on public international law$fЦентр международных и сравнительно-правовых исследований$zeng$v[Т. 2]
_911978659
_cМосква
_d2020
_fЦентр международных и сравнительно-правовых исследований
_lCourses of the summer school on public international law
_nЦентр международных и сравнительно-правовых исследований
_tЛекции Летней школы по международному публичному праву
_v[Т. 2]
510 1 _6z11790
_aLaw of treaties
_zeng
606 1 _aДоговоры и сделки
_jУчебные издания
_xМеждународно-правовые вопросы
_92276302
_3RU\NLR\AUTH\661364078
686 1 _aХ932я7
711 1 2 _aЛетняя школа по международному публичному праву
_eМосква
_f2018
_9735406
_3RU\NLR\AUTH\880536246
790 1 _6z11510
_aKohen
_bM.G.
_gMarcelo G
942 _cBOOK
980 _aNB